000 00788nam a22002537a 4500
003 BD-DhJNU
005 20251211052333.0
008 251211b |||||||| |||| 00| 0 eng d
020 _a9789386668585
020 _a9386668580
040 _aBD-DhJNU
_bENG
_cBD-DhJNU
_dBD-DhJNU
082 _223
_a658.3 DOI
100 _aDowling, Peter J.
245 _aInternational Human Resource Management /
_cPeter J. Dowling, Marion Festing and Allen D. Engle
250 _a7th ed.
260 _aAustralia :
_bCengage,
_c2024.
300 _axiii, 361p. :
_bill. ;
_c26 cm
504 _aIncludes index
650 _aHuman Resource Management
650 _aInternational Business Enterprise-Personal Management
700 _aFesting, Marion
700 _aEngle, Allen D.
942 _2ddc
_cBK
_n0
999 _c2430
_d2430